Welcome to the Holygrace Academy Library

Please use search bar below to get started

KALAYUM KAZCHAPPADUM (Record no. 5546)

MARC details
000 -LEADER
fixed length control field 00283nam a22001337a 4500
082 ## - DEWEY DECIMAL CLASSIFICATION NUMBER
Classification number 894.812
Item number PUT/K
100 ## - MAIN ENTRY--AUTHOR NAME
Personal name PUTHALATH, DASAN
245 ## - TITLE STATEMENT
Title KALAYUM KAZCHAPPADUM
260 ## - PUBLICATION, DISTRIBUTION, ETC. (IMPRINT)
Place of publication ALUVA
Name of publisher PEN BOOKS
Year of publication 2005
300 ## - PHYSICAL DESCRIPTION
Number of Pages 81
520 ## - SUMMARY, ETC.
Summary, etc ABOUT ART
650 ## - SUBJECT ADDED ENTRY--TOPICAL TERM
Topical Term ABOUT ART
942 ## - ADDED ENTRY ELEMENTS (KOHA)
Koha item type Books
Holdings
Withdrawn status Lost status Collection code Home library Current library Shelving location Date acquired Source of acquisition Cost, normal purchase price Full call number Accession Number Koha item type
    Fiction Main Library Main Library SHELF-16L- MALAYALAM BIOGRAPHY,STUDIES/CRITICISM 30/01/2019 Purchase 60.00 894.812 PUT/K 10864 Books